All Colorado HS Football Teams - Statistics

General Stats
  • This quiz has been taken 7 times
  • The average score is 61 of 199
Answer Stats
Hint Answer % Correct
23. Durango
80%
8. Montrose
80%
24. Windsor
80%
163. Aspen
60%
1. Cherry Creek
60%
39. Columbine
60%
7. Dakota Ridge
60%
40. Eaton
60%
10. Erie
60%
21. Fort Collins
60%
103. Glenwood Springs
60%
63. Grand Junction
60%
91. Greeley West
60%
70. Loveland
60%
32. Mead
60%
3. Mountain Vista
60%
19. Mullen
60%
134. Pagosa Springs
60%
33. Palisade
60%
186. Palmer
60%
17. Palmer Ridge
60%
27. Pomona
60%
98. Steamboat Springs
60%
153. Sterling
60%
81. University
60%
5. Valor Christian
60%
184. Adams City
40%
96. Air Academy
40%
15. Arapahoe
40%
176. Arvada
40%
4. Arvada West
40%
79. Basalt
40%
168. Bayfield
40%
149. Boulder
40%
133. Brighton
40%
22. Broomfield
40%
61. Brush
40%
49. Buena Vista
40%
123. Chaparral
40%
48. Chatfield
40%
20. Cherokee Trail
40%
108. Coal Ridge
40%
131. Coronado
40%
78. Delta
40%
140. Denver East
40%
136. Denver North
40%
54. Denver South
40%
130. Denver West
40%
14. Eaglecrest
40%
52. Eagle Valley
40%
95. Evergreen
40%
11. Fairview
40%
125. Falcon
40%
86. Fossil Ridge
40%
13. Fountain Fort Carson
40%
50. Fruita Monument
40%
143. Gateway
40%
148. George Washington
40%
74. Golden
40%
105. Grand Junction Central
40%
12. Grandview
40%
171. Greeley Central
40%
157. Gunnison
40%
26. Heritage
40%
195. Hinkley
40%
35. Holy Family
40%
94. Horizon
40%
170. Kennedy
40%
85. Kent Denver
40%
161. Lakewood
40%
43. Legacy
40%
6. Legend
40%
45. Limon
40%
175. Littleton
40%
87. Longmont
40%
128. Meeker
40%
37. Monarch
40%
119. Montbello
40%
88. Mountain Range
40%
102. Northglenn
40%
132. Overland
40%
9 Pine Creek
40%
115. Poudre
40%
76. Pueblo Central
40%
66. Pueblo East
40%
77. Pueblo South
40%
25. Pueblo West
40%
2. Ralston Valley
40%
16. Regis Jesuit
40%
141. Rifle
40%
112. Thomas Jefferson
40%
179. Thornton
40%
173. Valley
40%
147. Weld Central
40%
65. Wellington
40%
93. Westminster
40%
100. Alamosa
20%
150. Aurora Central
20%
124. Banning Lewis
20%
38. Bear Creek
20%
188. Bennett
20%
97. Berthoud
20%
113. Canon City
20%
46. Castle View
20%
156. Cedaredge
20%
75. Centaurus
20%
58. Cheyenne Mountain
20%
73. Conifer
20%
64. DCC
20%
158. D'evelyn
20%
146. Doherty
20%
29. Douglas County
20%
69. Elizabeth
20%
164. Ellicott
20%
152. Englewood
20%
111. Florence
20%
92. Forge Christian
20%
174. Fort Lupton
20%
114. Fort Morgan
20%
60. Frederick
20%
191. Grand Valley
20%
51. Green Mountain
20%
155. Harrison
20%
99. Highland
20%
89. Highlands Ranch
20%
189. Ignacio
20%
197. Jefferson
20%
109. La Junta
20%
138. Lamar
20%
80. Lewis Palmer
20%
142. Liberty
20%
194. Lincoln
20%
34. Lutheran
20%
55. Mesa Ridge
20%
177. Moffat County
20%
129. Montezuma
20%
135. Mountain View
20%
154. Niwot
20%
47. Northfield
20%
101. Northridge
20%
192. Olathe
20%
166. Peyton
20%
118. Platte Valley
20%
62. Ponderosa
20%
159. Prairie View
20%
180. Pueblo Centennial
20%
82. Pueblo County
20%
137. Rampart
20%
42. Rangeview
20%
71. Resurrection Christian
20%
41. Riverdale Ridge
20%
28. Rock Canyon
20%
57. Rocky Mountain
20%
31. Roosevelt
20%
172. Salida
20%
59. Sand Creek
20%
72. Severance
20%
185. Sierra
20%
68. Silver Creek
20%
122. Skyline
20%
165. Skyview
20%
84. Smoky Hill
20%
139. Standley Lake
20%
44. Strasburg
20%
144. Summit
20%
30. TCA
20%
167. The Academy
20%
53. Thompson Valley
20%
18. ThunderRidge
20%
117. Timnath
20%
198. Trinidad
20%
67. Vista Peak Prep
20%
36. Vista Ridge
20%
169. Wheat Ridge
20%
106. Widefield
20%
104. Wiggins
20%
151. Woodland Park
20%
56. Wray
20%
110. Yuma
20%
193. Alameda
0%
90. Burlington
0%
83. Centauri
0%
196. Center
0%
116. Colorado Springs Christian
0%
160. Denver Christian
0%
187. Estes Park
0%
145. Flatirons Academy
0%
121. Holyoke
0%
181. Manitou Springs
0%
162. Manual
0%
190. Middle Park
0%
199. Mitchell
0%
120. Monte Vista
0%
127. North Fork
0%
178. Platte Canyon
0%
182. Prospect Ridge
0%
126. Rye
0%
107. Sheridan
0%
183. The Pinnacle
0%
No matching quizzes found
Score Distribution
Percent of People with Each Score
Percentile by Number Answered
Your Score History
You have not taken this quiz